Etika

Bibliographic Details
Main Author: Valjan, Ján, 1952- (apd)
Corporate Author: Weberove dni (Author)
Format: Conference Proceeding Article
Language:Slovak
PhysicalDescription:Obr.
ISSN:1335-5821
Subjects:

MARC

LEADER 00000nab a2200000 a 4500
001 vtls000843863
003 SK-MaSNL
005 20260304131847.0
008 250429c2003 xo 0 slo
015 |a SNBRB2003/08-24580 
035 |a CLN000195518 
035 |a urn:nbn:sk:snk-abqmk 
035 |a (urnnbn)urn:nbn:sk:snk:ar-a03xj0 
035 |a (uuid)8bd32e2f-7401-4844-b136-bf245c0d0fc3 
040 |a SNKBUCL  |b slo  |c SNKBUCL  |e AACR2 
041 0 |a slo 
044 |a xo  |c SK 
080 |a 174:615.15  |2 1997 
100 1 |a Valjan, Ján,  |d 1952-  |4 apd  |9 110572 
245 1 0 |a Etika  |c Ján Valjan 
300 |b Obr. 
650 0 7 |a etika farmaceutická  |2 MESH  |9 856937 
650 0 7 |a zásady morálne  |2 MESH  |9 1074738 
650 0 7 |a záväzky morálne  |2 MESH  |9 1327804 
650 0 7 |a správanie sa neprofesionálne  |2 MESH  |9 1428314 
650 0 7 |a prednášky (publikačný typ)  |2 MESH  |9 1428316 
655 7 |a články z novín a časopisov  |2 snkbucl  |9 267496 
711 1 |a Weberove dni  |n 8  |c Prešov, Slovensko  |d 2003  |4 aut  |9 1428317 
773 0 |t Lekárnické listy  |g Roč. 5, č. 5 (2003), s. 32-33  |x 1335-5821 
850 |a Slovenská národná knižnica 
852 |a Slovenská národná knižnica 
954 |a odborná, vedecká literatúra pôvodná (slovenská)  |2 lita 
958 |a article27 
958 |a OND 
958 |a MI 
958 |a EUIPO 
992 |a RBX 
999 |c 2897828  |d 2899758